| 000 | 01149nam a2200265Ia 4500 | ||
|---|---|---|---|
| 003 | OSt | ||
| 005 | 20221005104445.0 | ||
| 006 | a|||||r|||| 00| 0 | ||
| 007 | ta | ||
| 008 | 221004b |||||||| |||| 00| 0 hin d | ||
| 020 |
_a9788178311623 (hbk) _c500 |
||
| 024 | _a97502 | ||
| 037 |
_b463, 22/12/2008, Eastern Book Linkers _cTextual |
||
| 040 |
_aCRL _cCRL _bhin |
||
| 041 |
_2hin _ahin |
||
| 082 | _aX:3M24xM3.273, 152P8 | ||
| 100 | _aलुईस, प्रकाश | ||
| 245 | 0 |
_aजन शक्ति _b मध्य बिहार में नक्सलवादी आंदोलन |
|
| 246 | _aJan shakti: madhya bihār mean naksalavādī āandolana | ||
| 260 |
_aदिल्ली _bमानक पब्लिकेशन्स प्रा. लि. भारत _c2008 |
||
| 300 |
_a310पृ0 _ccm. |
||
| 700 |
_a राम कविन्द्र सिंह, अनु. _9558543 |
||
| 942 |
_hX:3M24xM3.273, 152P8 _cTEXL _2cc |
||
| 999 |
_c1012766 _d1012766 |
||